00441nam a22001337a 4500003000500000038001800005082000800023100001900031245010000050264003500150650003100185700003400216856005700250NUST aNusrat Nadeem a200 aRubab Rehman,  aTransfer Learning for Radio Channel Modeling in UAV-Based mmWave Radio Networks/cRehman, Rubab aIslamabad:bSEECS NUST.c2026. aMS-Electrical Engineering  aSupervisor: Dr Sajjad Hussain uhttp://10.250.8.41:8080/xmlui/handle/123456789/57435